{"text_format":"3","workbook":"xlsx","n_sheets":1,"sheets":["250KVA"],"read":"whole","date_system":"1900"}

{"sheet":"250KVA","index":0,"n_rows":24,"n_cols":11,"rows_kept":24,"merged":[[0,0,0,8],[1,0,1,5],[1,6,1,8],[2,0,2,5],[2,6,2,8],[19,1,19,4],[19,6,19,7],[20,0,22,0],[20,1,20,8],[21,1,21,8],[22,1,22,8]]}
[" 报   价   清   单"]
["工程名称:250KVA箱变配电施工报价",{"$nulls":5},"报价日期：2022.01.14",{"$nulls":3}," "]
["联系人:",{"$nulls":5},"电话传真:0538-8996577"]
["序号    ","设备名称","设备型号","说明","单位","数量","单价","金额","备注"]
[1,"箱式变压器","ZBW-250KVA",null,"台",1,{"v":50000,"d":"50000.00"},{"$f":"G5*F5","v":{"v":50000,"d":"50000.00"}}]
[2,"箱变基础","含围栏",null,"台",1,{"v":8500,"d":"8500.00"},{"v":8500,"d":"8500.00"}]
[3,"高压电缆头","户外、户内",null,"套",2,{"v":850,"d":"850.00"},{"v":1700,"d":"1700.00"}]
[4,"高压电缆","10KV   ",null,"米",200,{"v":77,"d":"77.00"},{"v":15400,"d":"15400.00"}]
[5,"电缆护管","玻璃钢管","m110","米",180,{"v":35,"d":"35.00"},{"v":6300,"d":"6300.00"}]
[6,"电缆沟道",null,null,"米",180,{"v":45,"d":"45.00"},{"v":8100,"d":"8100.00"}]
[7,"图纸设计费",null,null,"套",1,{"v":4000,"d":"4000.00"},{"$f":"G11*F11","v":{"v":4000,"d":"4000.00"}}]
[8,"设备试验费",null,"变压器、电缆、接地装置","套",1,{"v":5000,"d":"5000.00"},{"v":5000,"d":"5000.00"}]
[9,"绝缘护套",null,null,"个",6,{"v":55,"d":"55.00"},{"v":330,"d":"330.00"}]
[10,"接地网",null,null,"组",1,{"v":2500,"d":"2500.00"},{"v":2500,"d":"2500.00"}]
[11,"安装辅材",null,null,"批",1,{"v":6500,"d":"6500.00"},{"v":6500,"d":"6500.00"}]
[12,"运费",null,null,"趟",1,{"v":800,"d":"800.00"},{"v":800,"d":"800.00"}]
[13,"吊装费",null,null,"台",1,{"v":1000,"d":"1000.00"},{"v":1000,"d":"1000.00"}]
[14,"施工费","含其他杂费",null,"套",1,{"v":10000,"d":"10000.00"},{"v":10000,"d":"10000.00"}]
[15,"小计",{"$nulls":5},{"$f":"SUM(H5:H18)","v":{"v":120130,"d":"120130.00"}}]
[16,"项目报价总合计",{"$nulls":4},{"$f":"H19","v":{"v":120130,"d":"120130.00"}}]
["报价说明"]
[]
[]
[null,"报价：                         报价单有效期：   天   ",{"$nulls":4},"      销售经理："]